Ethnic diversity in North East India/ (Record no. 11823)

MARC details
000 -LEADER
fixed length control field 00640nam a22002057a 4500
005 - DATE AND TIME OF LATEST TRANSACTION
control field 20240517083240.0
008 - FIXED-LENGTH DATA ELEMENTS--GENERAL INFORMATION
fixed length control field 240517b |||||||| |||| 00| 0 eng d
020 ## - INTERNATIONAL STANDARD BOOK NUMBER
International Standard Book Number 9789393864178
040 ## - CATALOGING SOURCE
Original cataloging agency IN-DiNC
Transcribing agency IN-DiNC
041 ## - LANGUAGE CODE
Language code of sung or spoken text English
082 ## - DEWEY DECIMAL CLASSIFICATION NUMBER
Classification number 305.8
Item number ETH
245 ## - TITLE STATEMENT
Title Ethnic diversity in North East India/
Statement of responsibility, etc. ed. by Raghunath Kagyung, Rabindra Bordoloi and Dipankar Sarmah
260 ## - PUBLICATION, DISTRIBUTION, ETC.
Place of publication, distribution, etc. Guwahati:
Name of publisher, distributor, etc. Assam College Teachers Association,
Date of publication, distribution, etc. 2022.
300 ## - PHYSICAL DESCRIPTION
Extent xii, 482p.
650 ## - SUBJECT ADDED ENTRY--TOPICAL TERM
Topical term or geographic name entry element Ethnicity
700 ## - ADDED ENTRY--PERSONAL NAME
Personal name Kagyung, Raghunath
Relator term Editor
700 ## - ADDED ENTRY--PERSONAL NAME
Personal name Bordoloi, Rabindra
Relator term Editor
700 ## - ADDED ENTRY--PERSONAL NAME
Personal name Sarmah, Dipankar
Relator term Editor
942 ## - ADDED ENTRY ELEMENTS (KOHA)
Source of classification or shelving scheme Dewey Decimal Classification
Koha item type Books
Holdings
Withdrawn status Lost status Source of classification or shelving scheme Damaged status Not for loan Collection code Home library Current library Shelving location Date acquired Cost, normal purchase price Total Checkouts Full call number Barcode Date last seen Date last checked out Copy number Price effective from Koha item type
    Dewey Decimal Classification     Sociology Central Library, Naharkatiya College Central Library, Naharkatiya College General Stacks 17/05/2024 450.00 1 305.8 ETH 30015 01/04/2025 24/03/2025 1 17/05/2024 Books

Naharkatiya College © 2020. All rights reserved.

Powered By